[Event "Catas Altas op 3rd"]
[Site "Catas Altas"]
[Date "2022.07.09"]
[Round "2"]
[White "Mareco, Sandro"]
[Black "Goncalves, Andre Luis Sampaio"]
[Result "1-0"]
[WhiteElo "2657"]
[BlackElo "1929"]
[PlyCount "43"]
[EventDate "2022.06.28"]
[EventType "swiss"]
[EventRounds "7"]
[EventCountry "BRA"]
[SourceTitle "EXT 2023"]
[Source "ChessBase"]
[SourceDate "2022.10.05"]
[SourceVersion "1"]
[SourceVersionDate "2022.10.05"]
[SourceQuality "1"]

1. Nf3 e6 2. c4 c5 3. Nc3 Nc6 4. g3 Nge7 5. Bg2 g6 6. d4 cxd4 7. Nxd4 Bg7 8. Ndb5 0-0 9. Nd6 Nf5 10. Nxf5 exf5 11. 0-0 Bxc3 12. bxc3 Qa5 13. Bh6 Re8 14. Qd2 Qe5 15. e4 fxe4 16. Bxe4 Ne7 17. Rfe1 Qa5 18. Qd4 Nf5 19. Bxf5 Re5 20. Rxe5 f6 21. Re8+ Kf7 22. Rf8+ 1-0

[Event "Sao Jose de Rio Preto 160 Anos"]
[Site "Sao Jose do Rio Preto"]
[Date "2012.03.24"]
[Round "4"]
[White "Yano, William Jorge Froes"]
[Black "Goncalves, Andre Luis Sampaio"]
[Result "1-0"]
[WhiteElo "2124"]
[BlackElo "1979"]
[PlyCount "91"]
[EventDate "2012.03.23"]
[EventType "swiss"]
[EventRounds "6"]
[EventCountry "BRA"]
[SourceTitle "CBM 147 Extra"]
[Source "ChessBase"]
[SourceDate "2012.04.24"]
[SourceVersion "1"]
[SourceVersionDate "2012.04.24"]
[SourceQuality "1"]

1. e4 e5 2. Nc3 Bc5 3. f4 d6 4. Nf3 Nc6 5. Bc4 Nf6 6. f5 Bd7 7. a3 Qe7 8. d3 h6 9. Qe2 0-0-0 10. Be3 g6 11. Bxc5 dxc5 12. fxg6 fxg6 13. Nd5 Nxd5 14. Bxd5 Nd4 15. Nxd4 cxd4 16. 0-0 Rhf8 17. Qd2 g5 18. Rac1 Rf4 19. g3 Rxf1+ 20. Rxf1 Bh3 21. Rf7 Rf8 22. Qf2 Rxf7 23. Bxf7 Kb8 24. Bg6 a6 25. Bf5 g4 26. Qd2 Qc5 27. Kf2 a5 28. Ke1 h5 29. Kd1 Ka7 30. Kc1 Ka6 31. Kb1 b5 32. Bc8+ Kb6 33. Qh6+ Qd6 34. Qxh5 b4 35. axb4 axb4 36. Bxg4 Bf1 37. Qf5 Bg2 38. Qf2 Bxe4 39. dxe4 c5 40. b3 d3 41. Qd2 c4 42. bxc4 dxc2+ 43. Kxc2 b3+ 44. Kc3 Qc5 45. Qd8+ Ka7 46. Qd7+ 1-0

[Event "Maringa op"]
[Site "Maringa"]
[Date "2011.12.19"]
[Round "5"]
[White "Goncalves, Andre Luis Sampaio"]
[Black "Broday, Geovani Allan"]
[Result "0-1"]
[WhiteElo "2015"]
[BlackElo "1854"]
[PlyCount "92"]
[EventDate "2011.12.17"]
[EventType "swiss"]
[EventRounds "9"]
[EventCountry "BRA"]
[SourceTitle "CBM 146 Extra"]
[Source "ChessBase"]
[SourceDate "2012.02.29"]
[SourceVersion "1"]
[SourceVersionDate "2012.02.29"]
[SourceQuality "1"]

1. e4 e6 2. d4 d5 3. Nd2 dxe4 4. Nxe4 Nd7 5. Bd3 Ngf6 6. Nf3 b6 7. Bf4 Bb7 8. Ned2 Be7 9. c3 0-0 10. 0-0 c5 11. Rc1 cxd4 12. cxd4 Nd5 13. Bg3 Rc8 14. Qe2 Nb4 15. Bb5 Nf6 16. a3 Nc6 17. Nb3 Qd5 18. Bc4 Qh5 19. Rfe1 Rfd8 20. Be5 Nd5 21. Nbd2 Nxe5 22. Qxe5 Qxe5 23. dxe5 Nf4 24. Bf1 Rc5 25. b4 Rcd5 26. Rc7 R5d7 27. Rec1 g5 28. Bb5 Rxc7 29. Rxc7 Bxf3 30. gxf3 Rxd2 31. Rxe7 Rd1+ 32. Bf1 h5 33. Rxa7 h4 34. h3 Nxh3+ 35. Kh2 Rxf1 36. Kxh3 Rxf2 37. Kg4 Rg2+ 38. Kh5 h3 39. Kh6 Kf8 40. Ra8+ Ke7 41. Kg7 g4 42. Ra7+ Kd8 43. fxg4 Rxg4+ 44. Kxf7 Rh4 45. Kxe6 Rh6+ 46. Kf5 h2 0-1

[Event "Maringa op"]
[Site "Maringa"]
[Date "2011.12.19"]
[Round "4"]
[White "Utiyama, Marcel Heimar Ribei"]
[Black "Goncalves, Andre Luis Sampaio"]
[Result "1-0"]
[WhiteElo "2120"]
[BlackElo "2015"]
[PlyCount "69"]
[EventDate "2011.12.17"]
[EventType "swiss"]
[EventRounds "9"]
[EventCountry "BRA"]
[SourceTitle "CBM 146 Extra"]
[Source "ChessBase"]
[SourceDate "2012.02.29"]
[SourceVersion "1"]
[SourceVersionDate "2012.02.29"]
[SourceQuality "1"]

1. e4 e5 2. Nf3 Nc6 3. Bb5 f5 4. d3 d6 5. Nc3 Nf6 6. Bg5 Be7 7. Qe2 0-0 8. h4 fxe4 9. dxe4 Kh8 10. Bxf6 gxf6 11. 0-0-0 Bg4 12. Qe3 a6 13. Be2 b5 14. Kb1 Na5 15. Qh6 Be6 16. g4 Bg8 17. g5 Rf7 18. Nd5 c6 19. Ne3 Bf8 20. Qh5 Rg7 21. Nf5 Rg6 22. Qg4 Nc4 23. Bxc4 bxc4 24. c3 Be6 25. h5 Rg7 26. N3h4 Bxf5 27. Nxf5 Rxg5 28. Qf3 h6 29. Ne3 Rb8 30. Nxc4 Rb5 31. Rd2 Be7 32. Rhd1 Qg8 33. Nxd6 Bxd6 34. Rxd6 Rd5 35. Qxf6+ 1-0

[Event "Sao Jose dos Pinhais op"]
[Site "Sao Jose dos Pinhais"]
[Date "2010.04.03"]
[Round "4"]
[White "Costa, Paulo Cesar"]
[Black "Goncalves, Andre Luis Sampaio"]
[Result "1-0"]
[WhiteElo "2126"]
[BlackElo "2155"]
[PlyCount "116"]
[EventDate "2010.04.01"]
[EventType "swiss"]
[EventRounds "7"]
[EventCountry "BRA"]
[SourceTitle "EXT 2011"]
[Source "ChessBase"]
[SourceDate "2010.11.26"]
[SourceVersion "1"]
[SourceVersionDate "2010.11.26"]
[SourceQuality "1"]

1. Nf3 Nf6 2. c4 e6 3. Nc3 d5 4. d4 h6 5. g3 b6 6. Bg2 Bb7 7. 0-0 Be7 8. Ne5 0-0 9. Qa4 c5 10. dxc5 Bxc5 11. Rd1 Qe7 12. Bf4 Nh5 13. cxd5 Nxf4 14. Qxf4 exd5 15. Nxd5 Qd6 16. b4 f6 17. bxc5 Qxc5 18. Ng6 Rf7 19. Rac1 Qa3 20. Qe3 Qxe3 21. fxe3 Kh7 22. Ngf4 Na6 23. Nd3 Re8 24. Kf2 Rd8 25. N5b4 Bc8 26. Rxc8 Rxc8 27. Nxa6 Rc3 28. Bd5 Re7 29. e4 h5 30. Ke3 f5 31. Kd4 Ra3 32. Nab4 a5 33. Nc6 Ra4+ 34. Kc3 Re8 35. Kb3 Raxe4 36. Bxe4 fxe4 37. Nde5 Kh6 38. h4 b5 39. Rd6+ Kh7 40. Rd4 e3 41. Rd3 Rc8 42. Rxe3 Rf8 43. Nxa5 Rf1 44. Kb4 Ra1 45. a3 Rb1+ 46. Nb3 Kh6 47. Kxb5 g5 48. Nf7+ Kg6 49. Nxg5 Rd1 50. a4 Rd5+ 51. Nc5 Rd1 52. a5 Kf5 53. Nge6 Kg4 54. a6 Kh3 55. a7 Ra1 56. Na6 Rb1+ 57. Ka4 Kg2 58. a8Q+ Kf1 1-0